Sanat - "Kahvimaito" -Arttu Wiskari - Statistics

Yleistilastot
  • Tätä visaa on pelattu 116 kertaa
  • Keskiarvotulos 130 / 218
Vastaustilastot
Vastaus % Oikein
kahvimaitoa
97%
97%
tilkka
97%
rinnoistasi
91%
jo
88%
saanko
88%
oi
83%
tilkan
83%
sen
80%
jos
79%
ois
79%
viel
79%
en
77%
saada
77%
yksi
77%
aitoa
76%
pyyntö
76%
ei
74%
kädentaitoa
74%
löytyy
74%
on
74%
kestäisi
73%
multa
73%
sitä
73%
mun
71%
ollut
71%
tunne
71%
kun
70%
viimeöinen
70%
et
68%
kamojas
68%
pois
68%
Ymmärräthän
68%
perhe-elämään
67%
keräät
65%
nyt
65%
valmis
65%
vielä
65%
nään
64%
sinut
64%
oisin
62%
että
61%
toivon
61%
vaik
58%
munakkaan
56%
Sulle
56%
sulle
56%
Tarjaa
56%
ja
55%
miks
55%
muistutat
55%
olla
55%
teen
55%
tiskiharjaa
55%
edes
53%
isäpuoli
53%
tiskivuoren
53%
vaikka
53%
alta
52%
eksää
52%
näy
52%
niistäkin
52%
pelkkä
52%
aamuröökille
50%
meen
50%
ohi
50%
päivämäärä
50%
sinun
50%
ajanut
48%
flaksi
48%
luo
48%
menty
48%
silloin
48%
väärä
48%
vaihtamatta
48%
käy
47%
lakanat
47%
47%
merkkis
47%
miksi
47%
tahdo
45%
hartioille
44%
Mietin
42%
nuo
42%
fleecetäkin
39%
heitän
39%
sun
39%
Amorin
33%
asunnon
33%
isomman
33%
kyyneleitä
33%
nuoli
33%
uusi
33%
ammutaan
32%
itkit
32%
Kaija
32%
Koota
32%
hommaan
30%
kohta
30%
kunnossa
30%
laitoin
30%
lappua
30%
oota
30%
romantiikkaa
30%
sanoin
30%
soimaan
30%
vappua
30%
YHn
30%
kylmää
29%
löytänyt
29%
millään
29%
Pyysit
29%
meillä
27%
meitä
27%
narikasta
27%
paikkas
27%
sieltä
27%
hain
26%
ikävöit
26%
kävi
26%
lasta
26%
melkein
26%
takkini
26%
kaksi
24%
Muistikuvia
24%
sääliks
24%
sain
24%
kerjäläistä
23%
rakkauden
23%
jatkettiin
21%
kerään
21%
yksinäistä
21%
aamuyössä
18%
ymmäräthän
11%
Ehtoja vastaavia visoja ei löytynyt
Tulosjakauma
Jokaisen tuloksen saaneiden osuus
Persentiili vastausten määrän mukaan
Tuloshistoriasi
Et ole pelannut tätä visaa